1623 1456 1589 1361 1213 1373 1612 1991 1950 1031 1230 1998 1274 1732 1226 1811 1307 1715 1343 1188 1002 1300 1311 1686 1331 1592 1077 1555 1634 1225 1928 1710 1301 1131 1500 1202 1881 1116 1792 1452 1519 1685 1633 1949 1527 1127 1209 1690 1262 1155 1141 1265 1859 1214 1182 1774 1710 1298 1698 1610 1419 1681 1574 1138 1192 1598 1651 1355 1243 1160 1235 1127 1392 1288 1672 1315 1635 1719 1367 1044 1152 1893 1505 1313 1818 1175 1408 1998 1729 1890 1183 1491 1201 1026 1068 1128 1713 1023 1269 BCNSPRNW ULIB Ver.6.0+V

เปลี่ยนเป็นภาษาไทย

Change to English
 แสดงรายละเอียดบรรณานุกรม
  กลับหน้าหลัก

Brief Record : Get Marc (ISO 2709) : E-mail record : QR code < ปิดหน้าต่าง
LEADER : 00000nam 2200000uu 4500
001    13399125857
003     ULIB
008    020711s2016 th a 000 0 eng d
020    ^a9781138908123
060    ^aW85^bA-I
100    ^aAnshel, Mark H.
245    ^aIntervention strategies for changing health behavior : applying the disconnectred values model/^bAnshel, Mark H.
260    ^aNew York :^bPsychology Press,^c2016
300    ^a205 pages;^c22 cm
650    ^aCounseling-methods
650  0 ^aHealth Behavior
945    ^p1283^l0^i003239
999    ^aประนอม เกษจรัล
รายการนี้ยังไม่มีแท็ก
คุณยังไม่ได้ล็อกอิน คุณสามารถมีกิจกรรมร่วมกับเว็บไซต์ได้ แต่ต้องล็อกอินก่อน ::
  ล็อกอิน

รายการสื่อสารสนเทศ

ลำดับที่ ประเภท เลขเรียก/บาร์โค้ด สถานที่ สถานะ
1. วิทยาศาสตร์การแพทย์ และสุขภาพ
หนังสือสำรอง
สถานะ=หนังสือสำรอง
W85 A-I ฉ.1 
  Barcode: 003239
ห้องสมุดวิทยาเขตสวรรค์ประชารักษ์
►หนังสือทั่วไป
บนชั้น

รายการใกล้เคียง
    หัวเรื่อง [Health Behavior]

BibComment


ยังไม่เคยถูกคอมเมนท์

คอมเมนท์ทรัพยากรรายการนี้
  คอมเมนท์: Intervention str..


 Copyright 2026. Bcnsprnw @Library